| Tag |
First Indicator |
Second Indicator |
Subfields |
| LEADER |
00000cam a2200000La 4500 |
| 001 |
in00000544421 |
| 005 |
20151013161547.0 |
| 008 |
840406m19849999enka b 00110 eng |
| 010 |
|
|
|a 82014751
|
| 020 |
|
|
|a 0521252482 (v. 1)
|
| 035 |
|
|
|a (OCoLC)10831066
|
| 035 |
|
|
|9 ACG6242AM
|
| 039 |
0 |
|
|a 2
|b 3
|c 3
|d 3
|e 3
|
| 040 |
|
|
|a DLC
|c RBN
|d TXA
|d UtOrBLW
|
| 041 |
0 |
|
|a eng
|a lat
|
| 049 |
|
|
|a TXAM
|
| 050 |
0 |
0 |
|a QC353
|b .N52 1984
|
| 082 |
0 |
|
|a 535
|2 19
|
| 100 |
1 |
|
|a Newton, Isaac,
|d 1642-1727.
|
| 245 |
1 |
4 |
|a The optical papers of Isaac Newton /
|c edited by Alan E. Shapiro.
|
| 264 |
|
1 |
|a Cambridge [Cambridgeshire] ;
|a New York :
|b Cambridge University Press,
|c 1984-
|
| 300 |
|
|
|a volumes :
|b illustrations ;
|c 26 cm.
|
| 336 |
|
|
|a text
|b txt
|2 rdacontent
|
| 337 |
|
|
|a unmediated
|b n
|2 rdamedia
|
| 338 |
|
|
|a volume
|b nc
|2 rdacarrier
|
| 500 |
|
|
|a English and Latin.
|
| 500 |
|
|
|a Includes index.
|
| 504 |
|
|
|a Bibliography: volume 1, pages 605-612.
|
| 505 |
1 |
|
|a v. 1. The optical lectures, 1670-1672.
|
| 650 |
|
0 |
|a Optics
|v Early works to 1800.
|
| 650 |
|
0 |
|a Optics
|x History
|x Sources.
|
| 700 |
1 |
2 |
|a Newton, Isaac,
|d 1642-1727.
|t Works.
|k Selections.
|l English.
|f 1984.
|
| 700 |
1 |
2 |
|a Newton, Isaac,
|d 1642-1727.
|t Works.
|k Selections.
|l Latin.
|f 1984.
|
| 700 |
1 |
|
|a Shapiro, Alan E.
|q (Alan Elihu),
|d 1942-
|
| 999 |
|
|
|a MARS
|
| 999 |
f |
f |
|s af472a78-db28-3163-926b-8d76600a8953
|i 9b601b97-5203-3feb-86aa-8f93594ef992
|t 0
|
| 952 |
f |
f |
|p ric
|a Texas A&M University
|b Rellis Campus
|c Joint Library Facility
|s JLF
|d Remote Storage
|t 0
|e QC353 .N52 1984
|h Library of Congress classification
|i unmediated -- volume
|k v.1
|m A14807835128
|
| 998 |
f |
f |
|a QC353 .N52 1984
|s v.1
|t 0
|l Remote Storage
|